| 000 | 01039nas a2200313 4500 | ||
|---|---|---|---|
| 001 | BR0701053 | ||
| 003 | BR-BrBNA | ||
| 005 | 20231205110610.0 | ||
| 007 | ta | ||
| 008 | 230509b bl.|||p| |||| 00| 00por d | ||
| 040 |
_aBR-BrBNA _bpor _cBiblioteca Nacional de Agricultura |
||
| 041 | _a(Pt) | ||
| 072 | _aL10; L52; U10 | ||
| 100 | 1 | _aSilva, I.S. | |
| 100 | 1 | _aPacker, I.U. | |
| 100 | 1 | _aSilva, L.O.C. da | |
| 100 | 1 | _aTorres Junior, R.A. de A. | |
| 100 | 1 | _aMelo, C.M.R. de | |
| 245 | 1 | _aAvaliação de modelos para estimação de componentes de variância e parâmetros genéticos para características de crescimento de bovinos da raça Guzerá | |
| 650 | _aGADO GUZERÁ | ||
| 650 | _aPARÂMETRO GENÉTICO | ||
| 650 | _aPERFORMANCE | ||
| 650 | _aMÉTODO ESTATÍSTICO | ||
| 650 | _aESTIMATIVA | ||
| 650 | _aHEREDITARIEDADE | ||
| 773 | 0 |
_tRevista Brasileira de Zootecnia (Brazil) _xISSN 1516-3598 _g(Sep-Oct 2006), v. 35(5) p. 1943-1950 _wBR0701053 |
|
| 909 |
_a202311 _bLúcia _c55 _dLúcia Elande |
||
| 942 |
_2AGRIS _n0 _cANA |
||
| 999 |
_c188111 _d188111 |
||